000 00975nam a2200301Ia 4500
001 dia_1174
003 CHAP
005 20230120112423.0
008 220117s1986 xx 000 0 und d
010 _a171721
020 _a968-50-0016-6
040 _cCHAP
082 _a512.5 K65 1986
100 _aKolman, Bernard
_963666
245 _aAlgebra lineal /
_c Bernard Kolman ; traducción Gregorio A. Caballero Saumeth ; colaboración Alberto Saeger
260 _aMéxico :
_b Fondo Educativo Interamericano,
_c1986
300 _axii, 304 p.
500 _aTítulo original: Elementary linear algebra
590 _aQA251 K65 1986
650 _aÁlgebra lineal
_982392
650 _aAlgebras, Linear
_9150204
700 _aCaballero Saumeth, Gregorio A., tr.
_9150205
700 _aSaeger, Alberto, colab.
_9150206
901 _a512.5 K65 1986
902 _aM
905 _a5232271986 MX m 8222223322SPA16
942 _cLIBRO
_2ddc
999 _c171721
_d171721